Los delitos insignificantes / (Record no. 120884)

MARC details
000 -LEADER
campo de control de longitud fija 00589nam a2200205 4500
001 - NÚMERO DE CONTROL
campo de control 120884
003 - IDENTIFICADOR DE NÚMERO DE CONTROL
campo de control ES-MaACL
005 - FECHA Y HORA DE LA ÚLTIMA TRANSACCIÓN
campo de control 20250111062531.0
007 - CAMPO FIJO DE DESCRIPCIÓN FÍSICA--INFORMACIÓN GENERAL
campo de control de longitud fija t|
008 - DATOS DE LONGITUD FIJA--INFORMACIÓN GENERAL
campo de control de longitud fija 070214s1986 sp r ||||1| spa d
020 ## - NÚMERO INTERNACIONAL ESTÁNDAR DEL LIBRO
Número Internacional Estándar del Libro 84-339-1734-X
100 1# - ENTRADA PRINCIPAL--NOMBRE DE PERSONA
Nombre de persona Pombo, Álvaro.
9 (RLIN) 138657
245 14 - MENCIÓN DEL TÍTULO
Título Los delitos insignificantes /
Mención de responsabilidad, etc. Alvaro Pombo.
260 ## - PUBLICACIÓN, DISTRIBUCIÓN, ETC.
Lugar de publicación, distribución, etc. Barcelona :
Nombre del editor, distribuidor, etc. Anagrama,
Fecha de publicación, distribución, etc. 1986.
300 ## - DESCRIPCIÓN FÍSICA
Extensión 199 p. ;
Dimensiones 20 cm.
490 1# - MENCIÓN DE SERIE
Mención de serie Narrativas hispánicas ;
Designación de volumen o secuencia 34
830 00 - PUNTO DE ACCESO ADICIONAL DE SERIE-TÍTULO UNIFORME
Título uniforme Narrativas hispánicas (Anagrama)
Designación de volumen o secuencia 34
9 (RLIN) 178124
852 ## - LOCALIZACIÓN
Ubicación ES-MaACL
Número de control de estantería L-11148
Sublocalización o colección R.112435
Holdings
Estatus retirado Estado de pérdida Estado de daño No para préstamo Biblioteca de origen Biblioteca actual Ubicación en estantería Fecha de adquisición Fuente de adquisición Total de préstamos Signatura topográfica completa Código de barras Visto por última vez Precio de reemplazo Tipo de ítem Koha
        Biblioteca del Ateneo de Madrid Biblioteca del Ateneo de Madrid Depósito 2 17/01/2008     L-11148 1125993 23/02/2023 23/02/2023 Libro impreso